Durability of filled NR and HNBR compounds at higher temperatures (Record no. 57427)

MARC details
000 -LEADER
fixed length control field 00530nam a2200193Ia 4500
100 ## - MAIN ENTRY--AUTHOR NAME
Personal name Triesch O
245 #0 - TITLE STATEMENT
Title Durability of filled NR and HNBR compounds at higher temperatures
260 ## - PUBLICATION, DISTRIBUTION, ETC. (IMPRINT)
Name of publisher Kautschuk Gummi Kunststoffe
Year of publication 2007
300 ## - PHYSICAL DESCRIPTION
Number of Pages 376-379
650 ## - SUBJECT ADDED ENTRY--TOPICAL TERM
Topical Term Durability
650 ## - SUBJECT ADDED ENTRY--TOPICAL TERM
Topical Term Elastomer comparison
650 ## - SUBJECT ADDED ENTRY--TOPICAL TERM
Topical Term Intrinsic heating
650 ## - SUBJECT ADDED ENTRY--TOPICAL TERM
Topical Term Reproduction of failure
650 ## - SUBJECT ADDED ENTRY--TOPICAL TERM
Topical Term Shear actuation
700 ## - ADDED ENTRY--PERSONAL NAME
Personal name Gedenk V
700 ## - ADDED ENTRY--PERSONAL NAME
Personal name Niklaus G
942 ## - ADDED ENTRY ELEMENTS (KOHA)
Koha item type Journals
Holdings
Withdrawn status Lost status Damaged status Not for loan Home library Current library Shelving location Date acquired Serial Enumeration / chronology Koha item type
      Journals RRII Library RRII Library Rubber chemistry 25/09/2007 Volume 60, Issue 08-Jul Journals